| 000 | 00668nam a2200217 i 4500 | ||
|---|---|---|---|
| 001 | 87040 | ||
| 003 | ES-MaACL | ||
| 005 | 20230906175558.0 | ||
| 007 | t| | ||
| 008 | 041217s1968 ru ||||1| spa d | ||
| 080 | _a516(076) | ||
| 100 | 1 |
_aKletenik, D. _968250 |
|
| 245 | 1 | 0 |
_aProblemas de geometría analítica / _cD. Kletenik ; revisados por N. Efimov ; traducidopor Emiliano Aparicio Bernardo. |
| 250 | _a3ª ed. | ||
| 260 |
_aMoscú : _bMir, _c[1968] |
||
| 300 |
_a300 p. ; _c21 cm. |
||
| 650 | 4 |
_aGeometría analítica. _913100 |
|
| 700 | 1 |
_aEfimov, Nikolai. _946688 |
|
| 700 | 1 |
_aAparicio Bernardo, Emiliano. _922059 |
|
| 852 |
_aES-MaACL _jE-6349 _bR.90573 |
||
| 999 |
_c87040 _d87040 |
||